Government finance in developing countries (Record no. 75987)

MARC details
000 -LEADER
fixed length control field 00640nam a2200145 a 4500
008 - FIXED-LENGTH DATA ELEMENTS--GENERAL INFORMATION
fixed length control field 120416s1984 ||||||||||||||||| || u
050 ## - LIBRARY OF CONGRESS CALL NUMBER
Classification number HJ 1620 Goo
100 ## - MAIN ENTRY--PERSONAL NAME
Personal name Goode, Richard
245 10 - TITLE STATEMENT
Title Government finance in developing countries
260 ## - PUBLICATION, DISTRIBUTION, ETC.
Place of publication, distribution, etc. New Delhi
Name of publisher, distributor, etc. Tata McGraw-Hill
Date of publication, distribution, etc. 1984
300 ## - PHYSICAL DESCRIPTION
Extent xii, 334p.
350 ## -
-- 0.00
995 ## -
-- ANNEX COLLECTION (Main Library)
-- 0.00
-- 712853
-- CBU-MAIN LIBRARY (Kitwe)
-- 1
-- 36.00
-- HJ 1620 Goo
-- 1
-- AVAILABLE
-- 008348
-- Annex Low-Usage Collection
995 ## -
-- BINDERY (DAMAGED)
-- 0.00
-- 712852
-- CBU-MAIN LIBRARY (Kitwe)
-- 2
-- 36.00
-- HJ 1620 Goo
-- 2
-- DAMAGED
-- 008347
-- Main Library Open Access Collection
999 ## -
-- 75987
-- 75987
Holdings
Withdrawn status Lost status Source of classification or shelving scheme Damaged status Not for loan Permanent Location Current Location Shelving location Date acquired Total Checkouts Full call number Barcode Date last seen Copy number Price effective from Koha item type
          CBU-MAIN LIBRARY, KITWE. CBU-MAIN LIBRARY, KITWE.   04/25/2023   HJ 1620 Goo 008348 04/25/2023 1 04/25/2023 MONOGRAPH
          CBU-MAIN LIBRARY, KITWE. CBU-MAIN LIBRARY, KITWE.   04/25/2023   HJ 1620 Goo 008347 04/25/2023 2 04/25/2023 MONOGRAPH